Agenda perubahan pengurusan sumber manusia dan kerja

Bibliographic Details
Main Author: Abd. Rahim Abd. Rashid
Format: Book
Published: Kuala Lumpur : Utusan Publications & DistributorsSdn. Bhd , 2006
Series:Siri pengurusan sumber manusia & kerjaya utusan
Subjects:

MARC

LEADER 00000cam a2200000 7i4500
001 0000014758
005 20080306.0
008 080306
020 |a 9676118044 
090 0 0 |a 658.3   |b ABD 
100 1 |a Abd. Rahim Abd. Rashid 
245 1 0 |a Agenda perubahan pengurusan sumber manusia dan kerja   |c Abd. Rahim Abd. Rashid 
260 |a Kuala Lumpur :   |b Utusan Publications & DistributorsSdn. Bhd ,   |c 2006 
440 |a Siri pengurusan sumber manusia & kerjaya utusan 
650 0 |a Personal management 
650 0 |a Work ethic 
999 |a 0000932918   |b Book   |c Adult Collection   |e Cawangan Tangkak 
999 |a 0000932920   |b Book   |c Adult Collection   |e Cawangan Tangkak 
999 |a 0000942318   |b Book   |c Adult Collection   |e Cawangan Taman Sri Lambak 
999 |a 0001014179   |b Book   |c Adult Collection   |e Cawangan Kota Tinggi 
999 |a 0001014180   |b Book   |c Adult Collection   |e Perbadanan Perpustakaan Awam Johor 
999 |a 0001014721   |b Book   |c Adult Collection   |e Cawangan Kota Tinggi 
999 |a 0001014722   |b Book   |c Adult Collection   |e Perbadanan Perpustakaan Awam Johor 
999 |a 0001014723   |b Book   |c Adult Collection   |e Cawangan Urban Transformation Centre